000 00627nam a2200181Ia 4500
008 151202s9999||||xx |||||||||||||| ||und||
082 _bPNVM-19703
100 _aभागवत रा.स.
245 _aराजयोगाची मूलतत्वे व अभ्यास.
260 _b---
260 _c0
300 _a0
600 _aभागवत रा.स.
630 _aराजयोगाची मूलतत्वे व अभ्यास.
700 _aभागवत रा.स.
730 _aराजयोगाची मूलतत्वे व अभ्यास.
942 _cBOOK
999 _c1285683
_d1285680